| 000 | 00664nam a2200253Ia 4500 | ||
|---|---|---|---|
| 001 | 20940 | ||
| 003 | DO-CoUTE | ||
| 005 | 20260204212547.0 | ||
| 008 | 220104s9999 dr 000 0 spa d | ||
| 020 | _a84-7584-259-3 | ||
| 040 |
_aDO-CoUTE _bspa _cDO-CoUTE |
||
| 041 | 0 | _aspa | |
| 082 | _a372.4 C117p | ||
| 100 | 1 | _aCabrera, Flor | |
| 245 | 1 | 0 | _aEl proceso lector y su evolución / Flor Cabrera |
| 260 | _aBacelona,España : Leartes S.A | ||
| 300 | _a219 páginas | ||
| 500 | _aPedagogía | ||
| 700 | 1 | _aAngeles, Marín | |
| 700 | 1 | _aTrinidad, Damaso | |
| 942 |
_2ddc _cBK |
||
| 999 |
_c20510 _d20510 |
||